| 000 | 00481nam a22001817a 4500 | ||
|---|---|---|---|
| 003 | BD-ChCU | ||
| 005 | 20251118100407.0 | ||
| 008 | 251118b it ||||| |||| 00| 0 eng d | ||
| 020 | _a9789251063873 | ||
| 040 | _cBD-ChCU | ||
| 082 | _a639.8 I61 | ||
| 100 |
_aDoris Soto _916328 |
||
| 245 |
_aIntegrated mariculture: a global review / _cDoris Soto |
||
| 260 |
_aItaly : _bFood and agriculture, _cc2009 |
||
| 300 | _a183p. | ||
| 650 | 0 |
_aMariculture _916329 |
|
| 942 |
_2ddc _cBK _n0 |
||
| 999 |
_c109537 _d109537 |
||